| 000 -LEADER |
| fixed length control field |
01675 a2200241 4500 |
| 003 - CONTROL NUMBER IDENTIFIER |
| control field |
Nust |
| 005 - DATE AND TIME OF LATEST TRANSACTION |
| control field |
20170207154048.0 |
| 010 ## - LIBRARY OF CONGRESS CONTROL NUMBER |
| LC control number |
2008049907 |
| 020 ## - INTERNATIONAL STANDARD BOOK NUMBER |
| International Standard Book Number |
0470278706 (cloth : acid-free paper) |
| 020 ## - INTERNATIONAL STANDARD BOOK NUMBER |
| International Standard Book Number |
9780470278703 (cloth : acid-free paper) |
| 035 ## - SYSTEM CONTROL NUMBER |
| System control number |
(OCoLC)ocn246887695 |
| 040 ## - CATALOGING SOURCE |
| Transcribing agency |
Nust |
| 082 00 - DEWEY DECIMAL CLASSIFICATION NUMBER |
| Classification number |
658.404 |
| 100 1# - MAIN ENTRY--PERSONAL NAME |
| Personal name |
Kerzner, Harold. |
| 245 10 - TITLE STATEMENT |
| Title |
Project management :a systems approach to planning, scheduling, and controlling -(E-BOOK) |
| Statement of responsibility, etc. |
Harold Kerzner. |
| 250 ## - EDITION STATEMENT |
| Edition statement |
10th ed. |
| 260 ## - PUBLICATION, DISTRIBUTION, ETC. |
| Place of publication, distribution, etc. |
Hoboken, N.J. : |
| Name of publisher, distributor, etc. |
John Wiley & Sons, |
| Date of publication, distribution, etc. |
c2009. |
| 300 ## - PHYSICAL DESCRIPTION |
| Extent |
xxiv, 1094 p. : |
| Other physical details |
ill. ; |
| Dimensions |
25 cm. |
| 505 0# - FORMATTED CONTENTS NOTE |
| Formatted contents note |
Overview (Page-1), Project Management Growth: Concepts AndDefinitions (Page-37), Organizational Structures (Page-91), Organizing And Staffing The Project Office AndTeam (Page-141), Management Functions (Page-191), Management Of Your Time And Stress (Page-285), Conflicts (Page-295), Special Topics (Page-319), The Variables For Success (Page-365), Working With Executives (Page-383), Planning (Page-411), Network Scheduling Techniques (Page-493), Project Graphics (Page-555),Pricing And Estimating (Page-571),Cost Control (Page-629),Trade-Off Analysis In A Project Environment (Page-715), Risk Management (Page-741), Learning Curves (Page-817), Contract Management (Page-839), Quality Management (Page-873), Modern Developments Project Management (Page-927), The Business Of Scope Changes (Page-949), The Project Office (Page-955), Managing Crisis Projects (Page-971),The Rise, Fall, And Resurrection Of Iridium: A Project Management Perspective (Page-987). |
| 650 #0 - SUBJECT ADDED ENTRY--TOPICAL TERM |
| Topical term or geographic name entry element |
Project management |
| 650 #0 - SUBJECT ADDED ENTRY--TOPICAL TERM |
| Topical term or geographic name entry element |
Project management. |
| 651 ## - SUBJECT ADDED ENTRY--GEOGRAPHIC NAME |
| Geographic name |
E-BOOK |
| 942 ## - ADDED ENTRY ELEMENTS (KOHA) |
| Source of classification or shelving scheme |
|
| Koha item type |
Book |